| 000 | 00396nam a22001697a 4500 | ||
|---|---|---|---|
| 005 | 20180521122952.0 | ||
| 008 | 170330b xxu||||| |||| 00| 0 eng d | ||
| 020 | _a978-81-8283-511-9 | ||
| 041 | _aeng | ||
| 082 | _a511.322 | ||
| 100 |
_aGUPTA,K.P _93698 |
||
| 245 | _aSET THEORY & RELATED TOPICS | ||
| 260 | _bKRISHNA PRAKASHAN | ||
| 300 | _a360 | ||
| 650 |
_aENGINEERING _94305 |
||
| 942 | _cBK | ||
| 999 |
_c5338 _d5336 |
||